[Event "16. Obert Internacional Sant Martí 2014"]
[Site "Barcelona ESP"]
[Date "2014.07.18"]
[Round "6.7"]
[White "Munoz Pantoja, Miguel"]
[Black "Cruz, Cristhian"]
[Result "1/2-1/2"]
[WhiteElo "2457"]
[BlackElo "2563"]
[PlyCount "86"]
[EventDate "2014.07.13"]
[EventType "swiss"]
[EventRounds "9"]
[EventCountry "ESP"]
[Source "lmi"]
[SourceDate "2014.07.13"]

1. e4 e6 2. d4 d5 3. Nd2 dxe4 4. Nxe4 Nd7 5. Nf3 Ngf6 6. Bg5 Be7 7. Nxf6+ Nxf6
8. Bxf6 Bxf6 9. c3 O-O 10. Bd3 c5 11. dxc5 Qd5 12. Qc2 g6 13. h4 Rd8 14. Be4
Qxc5 15. h5 Bg7 16. hxg6 hxg6 17. Rd1 Bd7 18. O-O Qc7 19. Rd2 f5 20. Bd3 Bf6
21. Qb3 Kg7 22. Rfd1 Bc6 23. Bb5 Bxf3 24. Rd7+ Kh6 25. Qxe6 Rxd7 26. Rxd7 Qb6
27. Qxb6 axb6 28. gxf3 Rxa2 29. Rd6 Rxb2 30. Be8 Bxc3 31. Rxg6+ Kh7 32. Rd6 Kg7
33. Bd7 Be1 34. Bxf5 Bxf2+ 35. Kf1 Bc5 36. Rg6+ Kf7 37. Rg2 Rb3 38. Be4 Kf6 39.
Bxb7 b5 40. Be4 b4 41. Rd2 Rc3 42. Rc2 Rxc2 43. Bxc2 Ke5 1/2-1/2

[Event "16. Obert Internacional Sant Martí 2014"]
[Site "Barcelona ESP"]
[Date "2014.07.18"]
[Round "6.8"]
[White "Movsziszian, Karen"]
[Black "Hansen, Torbjorn Ringdal"]
[Result "1/2-1/2"]
[WhiteElo "2520"]
[BlackElo "2448"]
[PlyCount "90"]
[EventDate "2014.07.13"]
[EventType "swiss"]
[EventRounds "9"]
[EventCountry "ESP"]
[Source "lmi"]
[SourceDate "2014.07.13"]

1. g3 g6 2. Bg2 Bg7 3. f4 c5 4. Nf3 Nf6 5. O-O O-O 6. d3 Nc6 7. Nc3 Rb8 8. a4
a6 9. Nh4 d6 10. f5 Nd4 11. e4 b5 12. axb5 axb5 13. Ne2 Bb7 14. Kh1 Ra8 15.
Rxa8 Qxa8 16. Bg5 Rc8 17. Nxd4 cxd4 18. Rf2 Qa2 19. b3 Ra8 20. Qe2 Qb2 21. Bf3
Ra1+ 22. Kg2 Qc3 23. h3 d5 24. Bxf6 Bxf6 25. fxg6 hxg6 26. exd5 Re1 27. Qd2
Qxd2 28. Rxd2 Bxh4 29. gxh4 Re5 30. h5 gxh5 31. d6 Bxf3+ 32. Kxf3 e6 33. d7 Rd5
34. Rg2+ Kf8 35. Rg5 f5 36. Rxh5 Rxd7 37. Kf4 Rd5 38. Rh7 Rc5 39. Kg5 Rxc2 40.
Kf6 Kg8 41. Rg7+ Kh8 42. Re7 Rd2 43. Rxe6 Rxd3 44. Kxf5 Rxb3 45. Rd6 Rxh3
1/2-1/2

[Event "16. Obert Internacional Sant Martí 2014"]
[Site "Barcelona ESP"]
[Date "2014.07.18"]
[Round "6.9"]
[White "Gomez Garrido, Camilo Ernesto"]
[Black "Cruz, Filemon"]
[Result "1-0"]
[WhiteElo "2495"]
[BlackElo "2412"]
[PlyCount "125"]
[EventDate "2014.07.13"]
[EventType "swiss"]
[EventRounds "9"]
[EventCountry "ESP"]
[Source "lmi"]
[SourceDate "2014.07.13"]

1. e4 e5 2. Nf3 Nc6 3. Bb5 g6 4. Nc3 Bg7 5. O-O Nge7 6. a3 O-O 7. d3 d6 8. h3
h6 9. Bc4 Kh7 10. Nd5 Nxd5 11. Bxd5 Ne7 12. Bb3 f5 13. c3 fxe4 14. dxe4 Ng8 15.
Qe2 Nf6 16. Kh2 Bd7 17. c4 Nh5 18. g3 Be6 19. Ba2 Qd7 20. Ng1 Rf6 21. Be3 b6
22. b4 c5 23. Rad1 Qc6 24. b5 Qc7 25. a4 Raf8 26. Qd3 Bc8 27. Bb3 Qf7 28. f3
Qd7 29. Kg2 R8f7 30. a5 Bf8 31. axb6 axb6 32. g4 Nf4+ 33. Bxf4 Rxf4 34. Ne2 Qe7
35. Nxf4 exf4 36. e5 Qh4 37. Qd2 dxe5 38. Qf2 Qf6 39. Bc2 Be6 40. Rc1 Ra7 41.
Rfd1 h5 42. Be4 Kh6 43. Bd5 Bc8 44. Rc2 Bg7 45. Ra2 Rc7 46. Ra8 Qe7 47. Qc2 Qh4
48. Qf2 Qe7 49. Re1 Be6 50. Ra6 Bxd5 51. cxd5 Qd6 52. Re4 Bf6 53. Qe2 hxg4 54.
hxg4 Rh7 55. Qd3 Kg5 56. Ra1 Qd8 57. Rh1 Rd7 58. Rd1 Qh8 59. Rde1 Qh4 60. Rh1
Qg3+ 61. Kf1 Ra7 62. Re1 Ra2 63. Rh5+ 1-0

[Event "16. Obert Internacional Sant Martí 2014"]
[Site "Barcelona ESP"]
[Date "2014.07.18"]
[Round "6.10"]
[White "Cuartas, Jaime Alexander"]
[Black "Amigo Vilalta, Jordi"]
[Result "1-0"]
[WhiteElo "2483"]
[BlackElo "2231"]
[PlyCount "74"]
[EventDate "2014.07.13"]
[EventType "swiss"]
[EventRounds "9"]
[EventCountry "ESP"]
[Source "lmi"]
[SourceDate "2014.07.13"]

1. e4 c5 2. Nf3 Nc6 3. Bb5 g6 4. O-O Bg7 5. Re1 e5 6. b4 cxb4 7. a3 bxa3 8. d4
exd4 9. e5 Nge7 10. Nxa3 O-O 11. Nc4 a6 12. Nd6 Qc7 13. Bf4 Nxe5 14. Bxe5 Bxe5
15. Nxc8 Raxc8 16. Rxe5 d6 17. Rxe7 Qxe7 18. Bd3 Rc5 19. Qd2 Rb8 20. Qb4 Qc7
21. Qxd4 a5 22. Nd2 Re8 23. Ne4 Rxe4 24. Qxe4 Re5 25. Qc4 Rc5 26. Qd4 b5 27. f4
Qe7 28. Kf1 a4 29. c4 Qh4 30. cxb5 Qxh2 31. b6 Rd5 32. Qxd5 Qh1+ 33. Kf2 Qxa1
34. b7 Qb2+ 35. Kg3 Qb6 36. Kh2 Kg7 37. Bc4 Qc7 1-0

[Event "16. Obert Internacional Sant Martí 2014"]
[Site "Barcelona ESP"]
[Date "2014.07.18"]
[Round "6.11"]
[White "Gomez Ledo, Roberto Carlos"]
[Black "Ghosh, Diptayan"]
[Result "1/2-1/2"]
[WhiteElo "2429"]
[BlackElo "2468"]
[PlyCount "120"]
[EventDate "2014.07.13"]
[EventType "swiss"]
[EventRounds "9"]
[EventCountry "ESP"]
[Source "lmi"]
[SourceDate "2014.07.13"]

1. d4 d5 2. Nf3 Nf6 3. c4 c6 4. e3 Bf5 5. Nc3 e6 6. Nh4 Bg6 7. Nxg6 hxg6 8. Bd3
Nbd7 9. O-O Bd6 10. h3 O-O 11. Qc2 Qe7 12. Bd2 dxc4 13. Bxc4 Rac8 14. Rfd1 a6
15. Ne4 Nxe4 16. Qxe4 Nf6 17. Qh4 Bb4 18. a3 Bxd2 19. Rxd2 Rfd8 20. Rc2 c5 21.
Bf1 Qd6 22. Rac1 Qd5 23. dxc5 Ne4 24. Rc4 Nf6 25. Rd4 Qe5 26. Qf4 Qxf4 27.
Rxd8+ Rxd8 28. exf4 Rd2 29. b4 Ra2 30. Rc3 Nd5 31. Rf3 a5 32. bxa5 Rc2 33. a6
bxa6 34. Bxa6 Rxc5 35. g3 Nc3 36. Kg2 Kf8 37. Rd3 Ke7 38. Bb7 Rc7 39. Bf3 Rc5
40. h4 Rc7 41. Bd1 Ne4 42. Rd4 f5 43. Bf3 Nc5 44. a4 Ra7 45. Bc6 Ra6 46. Bb5
Ra7 47. Rc4 Ne4 48. Bc6 Rc7 49. Bb5 Ra7 50. Rc8 Nd6 51. Rc6 Rb7 52. Rc5 Ne4 53.
Rc2 Nd6 54. Be2 Ra7 55. Ra2 Ra5 56. Bd1 Ne4 57. Rb2 Nc3 58. Bb3 Ra6 59. Rc2
Nxa4 60. Rc7+ Kf6 1/2-1/2

[Event "16. Obert Internacional Sant Martí 2014"]
[Site "Barcelona ESP"]
[Date "2014.07.18"]
[Round "6.12"]
[White "Oliva Castaneda, Kevel"]
[Black "Asis Gargatagli, Hipolito"]
[Result "1-0"]
[WhiteElo "2419"]
[BlackElo "2460"]
[PlyCount "55"]
[EventDate "2014.07.13"]
[EventType "swiss"]
[EventRounds "9"]
[EventCountry "ESP"]
[Source "lmi"]
[SourceDate "2014.07.13"]

1. Nf3 Nf6 2. c4 g6 3. Nc3 c5 4. g3 Bg7 5. Bg2 O-O 6. d4 cxd4 7. Nxd4 Nc6 8.
O-O Qa5 9. Nb3 Qh5 10. c5 d6 11. cxd6 Rd8 12. e4 exd6 13. Qxh5 Nxh5 14. Bg5 Bf6
15. Bxf6 Nxf6 16. Rad1 Bg4 17. f3 Be6 18. f4 Nb4 19. Na5 Rab8 20. f5 gxf5 21.
exf5 Bc8 22. Rf4 Nc2 23. Kf2 Re8 24. Rxd6 Kg7 25. Ne4 Nxe4+ 26. Bxe4 Nb4 27.
f6+ Kf8 28. Rh4 1-0

[Event "16. Obert Internacional Sant Martí 2014"]
[Site "Barcelona ESP"]
[Date "2014.07.18"]
[Round "6.13"]
[White "Sardana, Rishi"]
[Black "Rahman, Ziaur"]
[Result "0-1"]
[WhiteElo "2363"]
[BlackElo "2515"]
[PlyCount "92"]
[EventDate "2014.07.13"]
[EventType "swiss"]
[EventRounds "9"]
[EventCountry "ESP"]
[Source "lmi"]
[SourceDate "2014.07.13"]

1. e4 c5 2. Nf3 e6 3. d4 cxd4 4. Nxd4 Nc6 5. Nc3 Qc7 6. g3 a6 7. Bg2 Nf6 8. O-O
Be7 9. Re1 O-O 10. Nxc6 bxc6 11. e5 Ne8 12. Bf4 Rb8 13. b3 d5 14. exd6 Bxd6 15.
Bxd6 Nxd6 16. Qd4 c5 17. Qf4 f6 18. Rad1 e5 19. Nd5 Qa7 20. Qd2 Nb5 21. Ne3 Be6
22. Bd5 Bxd5 23. Qxd5+ Kh8 24. Rd3 Nd4 25. Red1 Rbe8 26. Kf1 f5 27. Rc3 f4 28.
Ng4 Rd8 29. Qe4 Qd7 30. f3 fxg3 31. hxg3 h5 32. Nf2 Qe7 33. Kg2 Rf5 34. Re3
Rdf8 35. Rdd3 Nxc2 36. Re2 Nd4 37. Ree3 Qf6 38. Nh3 Qh6 39. g4 hxg4 40. fxg4
Rf1 41. Qxe5 Rc1 42. Nf2 Rc2 43. Rh3 Rcxf2+ 44. Kh1 Rf1+ 45. Kg2 R8f2+ 46. Kg3
Rf3+ 0-1

[Event "16. Obert Internacional Sant Martí 2014"]
[Site "Barcelona ESP"]
[Date "2014.07.18"]
[Round "6.14"]
[White "Bachmann, Axel"]
[Black "Sanchez, Sebastian Felipe"]
[Result "1-0"]
[WhiteElo "2652"]
[BlackElo "2375"]
[PlyCount "77"]
[EventDate "2014.07.13"]
[EventType "swiss"]
[EventRounds "9"]
[EventCountry "ESP"]
[Source "lmi"]
[SourceDate "2014.07.13"]

1. Nf3 Nf6 2. d4 e6 3. c4 b6 4. g3 Ba6 5. Qc2 Bb7 6. Bg2 c5 7. dxc5 Bxc5 8. O-O
O-O 9. Nc3 Be7 10. Rd1 Qc8 11. Bg5 Qxc4 12. Bxf6 gxf6 13. Ng5 fxg5 14. Bxb7 Nc6
15. Bxa8 Rxa8 16. Rxd7 f5 17. Rad1 Bf6 18. Qb3 Na5 19. Qxc4 Nxc4 20. Nb5 a6 21.
Nc7 Rc8 22. Nxa6 Ra8 23. Nc7 Rxa2 24. Nxe6 b5 25. Rb7 Nxb2 26. Rdd7 Ra8 27. Rf7
Bc3 28. Rxf5 b4 29. Rxg5+ Kh8 30. Rh5 Nc4 31. Rhxh7+ Kg8 32. Rh4 Nd6 33. Rg4+
Kh8 34. Rb6 Nf7 35. Nf4 Rd8 36. Ng6+ Kg7 37. Ne5+ Kf8 38. Nxf7 Kxf7 39. Rbxb4
1-0

[Event "16. Obert Internacional Sant Martí 2014"]
[Site "Barcelona ESP"]
[Date "2014.07.18"]
[Round "6.15"]
[White "Vasquez Schroeder, Rodrigo"]
[Black "Kholopov, Alexander A"]
[Result "1-0"]
[WhiteElo "2551"]
[BlackElo "2339"]
[PlyCount "81"]
[EventDate "2014.07.13"]
[EventType "swiss"]
[EventRounds "9"]
[EventCountry "ESP"]
[Source "lmi"]
[SourceDate "2014.07.13"]

1. d4 Nf6 2. c4 g6 3. g3 Bg7 4. Bg2 O-O 5. Nc3 d6 6. Nf3 Nbd7 7. O-O e5 8. e4
c6 9. Be3 Ng4 10. Bg5 Qb6 11. h3 exd4 12. Na4 Qa6 13. hxg4 b5 14. Be7 Re8 15.
Bxd6 bxa4 16. c5 d3 17. Re1 Bxb2 18. Rb1 Be5 19. Bf1 Bxd6 20. cxd6 Nc5 21. Qc1
Qa5 22. Qh6 Ne6 23. Bxd3 Nf8 24. Qf4 Qc3 25. Red1 Ne6 26. Qe3 Bd7 27. Rdc1 Qa3
28. e5 c5 29. Nd2 Rab8 30. Ne4 Rxb1 31. Nf6+ Kg7 32. Nxe8+ Bxe8 33. Bxb1 Qb2
34. Qc3 Qe2 35. Re1 Qxg4 36. Be4 Nd4 37. Kg2 Bd7 38. Qxc5 Ne2 39. Rxe2 Qxe2 40.
Qd4 Be6 41. d7 1-0

[Event "16. Obert Internacional Sant Martí 2014"]
[Site "Barcelona ESP"]
[Date "2014.07.18"]
[Round "6.16"]
[White "Gemy, Jose Daniel"]
[Black "Gonzalez Perez, Arian"]
[Result "0-1"]
[WhiteElo "2330"]
[BlackElo "2494"]
[PlyCount "94"]
[EventDate "2014.07.13"]
[EventType "swiss"]
[EventRounds "9"]
[EventCountry "ESP"]
[Source "lmi"]
[SourceDate "2014.07.13"]

1. d4 Nf6 2. c4 g6 3. g3 c5 4. dxc5 Qa5+ 5. Nd2 Qxc5 6. Ngf3 Bg7 7. Bh3 O-O 8.
O-O Nc6 9. e3 d5 10. Bxc8 Raxc8 11. cxd5 Qxd5 12. Nb3 Rfd8 13. Qxd5 Rxd5 14.
Rb1 Nb4 15. Bd2 Nd3 16. Bc3 Ne4 17. Nbd2 Nxc3 18. bxc3 b6 19. c4 Ra5 20. Nb3
Rxa2 21. Rbd1 Ne5 22. Nxe5 Bxe5 23. Rd7 Bd6 24. Nd4 Rxc4 25. Nb5 a5 26. Nxd6
exd6 27. Rb1 Rcc2 28. Rf1 b5 29. Rxd6 a4 30. Rb6 Rab2 31. Ra1 Rxf2 32. Rxb5
Rg2+ 33. Kf1 Rbf2+ 34. Ke1 Rc2 35. Kf1 Rxh2 36. Kg1 Rcg2+ 37. Kf1 Ra2 38. Rxa2
Rxa2 39. Ra5 h5 40. Ra7 Kg7 41. Ra6 f5 42. Kg1 a3 43. Kh1 Kh6 44. Kg1 Kg5 45.
Ra4 Kf6 46. Ra6+ Ke5 47. Rxg6 Rb2 0-1

[Event "16. Obert Internacional Sant Martí 2014"]
[Site "Barcelona ESP"]
[Date "2014.07.18"]
[Round "6.17"]
[White "Dukaczewski, Piotr"]
[Black "Smirnov, Boris"]
[Result "0-1"]
[WhiteElo "2303"]
[BlackElo "2145"]
[PlyCount "60"]
[EventDate "2014.07.13"]
[EventType "swiss"]
[EventRounds "9"]
[EventCountry "ESP"]
[Source "lmi"]
[SourceDate "2014.07.13"]

1. e4 c5 2. Nf3 d6 3. d4 cxd4 4. Nxd4 Nf6 5. Nc3 a6 6. Bc4 g6 7. Bb3 Bg7 8. f3
b5 9. Be3 Bb7 10. g4 Nc6 11. g5 Nd7 12. a4 bxa4 13. Bxa4 Nce5 14. Qe2 Rc8 15.
Nd5 O-O 16. c3 e6 17. Nf4 Nc5 18. Bc2 Ned7 19. Nh3 a5 20. b4 axb4 21. cxb4 Na6
22. Rb1 Ne5 23. O-O Nc4 24. Bf2 Na3 25. b5 Nxb1 26. bxa6 Nc3 27. Qd3 Ba8 28.
Ra1 e5 29. Nb3 Qc7 30. Re1 Na2 0-1

[Event "16. Obert Internacional Sant Martí 2014"]
[Site "Barcelona ESP"]
[Date "2014.07.18"]
[Round "6.18"]
[White "Cruz, Jonathan"]
[Black "Akshat, Khamparia"]
[Result "1/2-1/2"]
[WhiteElo "2471"]
[BlackElo "2367"]
[PlyCount "96"]
[EventDate "2014.07.13"]
[EventType "swiss"]
[EventRounds "9"]
[EventCountry "ESP"]
[Source "lmi"]
[SourceDate "2014.07.13"]

1. d4 f5 2. g3 Nf6 3. Bg2 e6 4. c4 c6 5. Nh3 d6 6. Nc3 Be7 7. e4 e5 8. d5 O-O
9. exf5 Bxf5 10. Ng5 Na6 11. O-O Qe8 12. f4 Qg6 13. Ne6 Rfe8 14. Ng5 Rac8 15.
Kh1 h6 16. Nf3 Nd7 17. fxe5 Nxe5 18. Nxe5 dxe5 19. dxc6 bxc6 20. Qa4 Nb4 21. a3
Nd3 22. b4 Nxc1 23. Raxc1 Bd3 24. Rfe1 Bg5 25. Qxa7 e4 26. Rcd1 e3 27. Qd7 Red8
28. Qg4 h5 29. Qh3 Bf5 30. g4 Bxg4 31. Rxd8+ Rxd8 32. Qg3 Qf5 33. h3 Qf2 34.
Qxf2 exf2 35. Rf1 Be6 36. Rxf2 Bxc4 37. Bxc6 Rd3 38. Rf3 Rxf3 39. Bxf3 Bc1 40.
a4 Bd2 41. Bd5+ Kf8 42. Bxc4 Bxc3 43. b5 g5 44. Kg2 Ke7 45. Kf3 g4+ 46. hxg4
hxg4+ 47. Kxg4 Kd6 48. Kf5 Kc5 1/2-1/2

[Event "16. Obert Internacional Sant Martí 2014"]
[Site "Barcelona ESP"]
[Date "2014.07.18"]
[Round "6.19"]
[White "Panelo, Marcelo"]
[Black "Gurevich, Daniel"]
[Result "1-0"]
[WhiteElo "2448"]
[BlackElo "2317"]
[PlyCount "61"]
[EventDate "2014.07.13"]
[EventType "swiss"]
[EventRounds "9"]
[EventCountry "ESP"]
[Source "lmi"]
[SourceDate "2014.07.13"]

1. d4 Nf6 2. c4 g6 3. Nc3 Bg7 4. e4 d6 5. Nf3 O-O 6. Be2 Bg4 7. Be3 Nfd7 8. d5
c5 9. O-O Na6 10. Ng5 Bxe2 11. Qxe2 h6 12. Nh3 Nc7 13. f4 e6 14. Rad1 exd5 15.
cxd5 f5 16. e5 dxe5 17. fxe5 Nxe5 18. Bxh6 Qd6 19. Bxg7 Kxg7 20. Nf4 Ng4 21.
Ne4 Qe5 22. Nxc5 Qxe2 23. Nxe2 b6 24. d6 bxc5 25. dxc7 Rac8 26. Nf4 Rf6 27.
Rd7+ Rf7 28. Rfd1 g5 29. Ne6+ Kf6 30. Rxf7+ Kxf7 31. Rd8 1-0

[Event "16. Obert Internacional Sant Martí 2014"]
[Site "Barcelona ESP"]
[Date "2014.07.18"]
[Round "6.20"]
[White "Sagar, Shah"]
[Black "Cori T., Deysi"]
[Result "1/2-1/2"]
[WhiteElo "2314"]
[BlackElo "2414"]
[PlyCount "67"]
[EventDate "2014.07.13"]
[EventType "swiss"]
[EventRounds "9"]
[EventCountry "ESP"]
[Source "lmi"]
[SourceDate "2014.07.13"]

1. Nf3 Nf6 2. g3 b5 3. Bg2 Bb7 4. O-O e6 5. d3 Be7 6. e4 d6 7. e5 dxe5 8. Nxe5
Bxg2 9. Kxg2 Qd5+ 10. Qf3 O-O 11. Nc3 Qxe5 12. Qxa8 b4 13. Ne4 Nd5 14. Qxa7 Qh5
15. c4 bxc3 16. Nxc3 Nc6 17. Qa4 Ncb4 18. Qd1 Qg6 19. Qf3 Bf6 20. Nxd5 exd5 21.
Rd1 Re8 22. Bd2 Nxd3 23. Bc3 Nxb2 24. Bxb2 Bxb2 25. Rab1 Bd4 26. Qxd5 c5 27.
Re1 Rf8 28. Re4 h6 29. Rbe1 Qf6 30. f3 g6 31. Re8 Rxe8 32. Rxe8+ Kg7 33. Rd8
Qe7 34. Kh3 1/2-1/2

[Event "16. Obert Internacional Sant Martí 2014"]
[Site "Barcelona ESP"]
[Date "2014.07.18"]
[Round "6.21"]
[White "Palit, Somak"]
[Black "Gomez Jurado, Luis Alberto"]
[Result "1/2-1/2"]
[WhiteElo "2411"]
[BlackElo "2304"]
[PlyCount "111"]
[EventDate "2014.07.13"]
[EventType "swiss"]
[EventRounds "9"]
[EventCountry "ESP"]
[Source "lmi"]
[SourceDate "2014.07.13"]

1. e4 c6 2. Nc3 d5 3. Nf3 dxe4 4. Nxe4 Nf6 5. Nxf6+ exf6 6. Be2 Bd6 7. O-O O-O
8. d4 Re8 9. Re1 Bg4 10. h3 Bh5 11. Nh4 Bxe2 12. Rxe2 Rxe2 13. Qxe2 g6 14. Bh6
Na6 15. Re1 Qd7 16. Nf3 Nc7 17. Qd3 Re8 18. Rxe8+ Qxe8 19. Kf1 Nd5 20. a3 Bf4
21. Bxf4 Nxf4 22. Qe3 Qxe3 23. fxe3 Ne6 24. Ke2 Kf8 25. Kd3 Ke7 26. c4 f5 27.
b4 f6 28. b5 cxb5 29. cxb5 Nc7 30. a4 a6 31. bxa6 bxa6 32. Nd2 Nd5 33. Nb3 Kd6
34. Nc5 a5 35. Nb7+ Kc7 36. Nxa5 Nb6 37. d5 Nxa4 38. Kd4 Nb6 39. Nc4 Nd7 40. g3
Nf8 41. Na3 Nd7 42. Nb5+ Kd8 43. h4 Ke7 44. Na3 Kd6 45. Nb5+ Ke7 46. Kc4 h5 47.
Kd4 g5 48. Na3 Kd6 49. Nc4+ Ke7 50. Nb2 Kd6 51. Nc4+ Ke7 52. e4 gxh4 53. gxh4
f4 54. Kd3 Ne5+ 55. Nxe5 fxe5 56. Ke2 1/2-1/2

[Event "16. Obert Internacional Sant Martí 2014"]
[Site "Barcelona ESP"]
[Date "2014.07.18"]
[Round "6.22"]
[White "Piasetski, Leon"]
[Black "Aloma Vidal, Robert"]
[Result "0-1"]
[WhiteElo "2297"]
[BlackElo "2406"]
[PlyCount "106"]
[EventDate "2014.07.13"]
[EventType "swiss"]
[EventRounds "9"]
[EventCountry "ESP"]
[Source "lmi"]
[SourceDate "2014.07.13"]

1. Nf3 Nf6 2. c4 g6 3. Nc3 Bg7 4. e4 d6 5. d4 O-O 6. Be2 e5 7. O-O Nc6 8. d5
Ne7 9. b4 Ne8 10. Re1 f5 11. Ng5 Bf6 12. Bf3 Ng7 13. c5 f4 14. Ne6 Nxe6 15.
dxe6 Bxe6 16. cxd6 cxd6 17. Ba3 Nc6 18. Bg4 Bf7 19. Nd5 Bh4 20. Rc1 h5 21. Be2
f3 22. Bxf3 Nd4 23. Rc3 Bxd5 24. exd5 Rc8 25. Ree3 Nxf3+ 26. gxf3 Qg5+ 27. Kf1
Qf5 28. Qd3 Qh3+ 29. Kg1 Kh7 30. Qf1 Qd7 31. Bc1 Rf4 32. Rxc8 Qxc8 33. Re4 Rxe4
34. fxe4 Qg4+ 35. Qg2 Qd1+ 36. Qf1 Qf3 37. Be3 Qxe4 38. Qh3 Qb1+ 39. Kg2 Qe4+
40. Kg1 Qb1+ 41. Kg2 Qe4+ 42. Kg1 Bf6 43. Qd7+ Bg7 44. Qxb7 Qg4+ 45. Kf1 h4 46.
Ke1 h3 47. Kd2 Qg2 48. b5 Qxh2 49. Qe7 Qg2 50. Qh4+ Kg8 51. Qd8+ Bf8 52. Qf6 h2
53. Qe6+ Kh7 0-1

[Event "16. Obert Internacional Sant Martí 2014"]
[Site "Barcelona ESP"]
[Date "2014.07.18"]
[Round "6.23"]
[White "Oms Fuentes, Lluis"]
[Black "Martinez Romero, Martin"]
[Result "1/2-1/2"]
[WhiteElo "2293"]
[BlackElo "2401"]
[PlyCount "102"]
[EventDate "2014.07.13"]
[EventType "swiss"]
[EventRounds "9"]
[EventCountry "ESP"]
[Source "lmi"]
[SourceDate "2014.07.13"]

1. e4 c5 2. c3 Nf6 3. e5 Nd5 4. d4 cxd4 5. Nf3 Nc6 6. Bc4 Nb6 7. Bb3 d6 8. exd6
Qxd6 9. Na3 Be6 10. Nb5 Qd7 11. O-O Bxb3 12. axb3 a6 13. Nbxd4 Nxd4 14. Nxd4 e6
15. Qg4 Nd5 16. Re1 g6 17. Bg5 Bg7 18. Rad1 O-O 19. Qh4 f6 20. Nxe6 fxg5 21.
Nxf8 Rxf8 22. Qe4 Rf5 23. c4 Re5 24. Qxe5 Bxe5 25. Rxd5 Qg4 26. Rexe5 Qf4 27.
g3 Qc1+ 28. Kg2 Kf7 29. Rxg5 Qxb2 30. Rd3 Qe2 31. Re3 Qc2 32. Rg4 Kg7 33. h4 b5
34. cxb5 axb5 35. Rf4 Qc6+ 36. Kh2 Qc5 37. b4 Qd6 38. Rc3 Qd7 39. Rc5 Kh6 40.
h5 Qd3 41. hxg6 hxg6 42. Rc6 Qd1 43. Rb6 Qd5 44. Rg4 Kh5 45. Rf4 Qd3 46. Rc6
Qe2 47. Rc5+ Kh6 48. Kg2 Qd3 49. Kh2 Qe2 50. Rf6 Kg7 51. Rf4 Kh6 1/2-1/2

[Event "16. Obert Internacional Sant Martí 2014"]
[Site "Barcelona ESP"]
[Date "2014.07.18"]
[Round "6.24"]
[White "Larsson, Anders"]
[Black "Sanchez Enriquez, Oscar Gerard"]
[Result "1/2-1/2"]
[WhiteElo "2270"]
[BlackElo "2401"]
[PlyCount "46"]
[EventDate "2014.07.13"]
[EventType "swiss"]
[EventRounds "9"]
[EventCountry "ESP"]
[Source "lmi"]
[SourceDate "2014.07.13"]

1. d4 Nf6 2. Nf3 g6 3. Bg5 Bg7 4. Nbd2 O-O 5. e3 d6 6. Be2 c5 7. c3 b6 8. h3
Nc6 9. O-O h6 10. Bh4 Bb7 11. Re1 Rc8 12. a4 Re8 13. Qb3 Qc7 14. Bg3 Qb8 15.
Nc4 Ba8 16. Bd3 Na5 17. Nxa5 bxa5 18. Qxb8 Rxb8 19. dxc5 Rxb2 20. cxd6 exd6 21.
Bxd6 Rd8 22. Ba3 Rb3 23. Bb5 Ne4 1/2-1/2

[Event "16. Obert Internacional Sant Martí 2014"]
[Site "Barcelona ESP"]
[Date "2014.07.18"]
[Round "6.25"]
[White "Guix Torres, David"]
[Black "Das, Sayantan"]
[Result "0-1"]
[WhiteElo "2045"]
[BlackElo "2381"]
[PlyCount "96"]
[EventDate "2014.07.13"]
[EventType "swiss"]
[EventRounds "9"]
[EventCountry "ESP"]
[Source "lmi"]
[SourceDate "2014.07.13"]

1. e4 e6 2. Nc3 d5 3. Nf3 Nf6 4. e5 Nfd7 5. d4 c5 6. Bg5 Qb6 7. dxc5 Nxc5 8.
Be2 a6 9. Rb1 Nc6 10. O-O Qc7 11. Re1 Be7 12. Bxe7 Qxe7 13. Bd3 O-O 14. Ne2 f5
15. exf6 Qxf6 16. Nc3 b5 17. a3 Bb7 18. Qe2 Rae8 19. Rbd1 b4 20. axb4 Nxb4 21.
Ne5 d4 22. Ng4 Qf4 23. Ne4 Nbxd3 24. cxd3 Nxe4 25. dxe4 h5 26. Rxd4 hxg4 27. g3
Qf3 28. Qxf3 Rxf3 29. Rc1 Ref8 30. Rc2 R8f7 31. Kg2 e5 32. Rb4 Rd3 33. h3 Rd4
34. Rxd4 exd4 35. Rd2 Bxe4+ 36. Kh2 d3 37. hxg4 g5 38. Kg1 Rc7 39. f3 Rc1+ 40.
Kf2 Rc2 41. Ke3 Rxd2 42. Kxd2 Bxf3 43. Kxd3 Bxg4 44. Ke4 Kg7 45. Ke5 Kg6 46. b4
Be2 47. Ke6 Kh5 48. Kf5 Bd3+ 0-1

[Event "16. Obert Internacional Sant Martí 2014"]
[Site "Barcelona ESP"]
[Date "2014.07.18"]
[Round "6.26"]
[White "Cruz Lledo, Pablo"]
[Black "Lindh, Fredrik"]
[Result "1/2-1/2"]
[WhiteElo "2373"]
[BlackElo "2205"]
[PlyCount "132"]
[EventDate "2014.07.13"]
[EventType "swiss"]
[EventRounds "9"]
[EventCountry "ESP"]
[Source "lmi"]
[SourceDate "2014.07.13"]

1. d4 Nf6 2. c4 g6 3. Nc3 d5 4. cxd5 Nxd5 5. Na4 Bf5 6. Nc5 b6 7. e4 bxc5 8.
exf5 gxf5 9. dxc5 e6 10. Bc4 Bxc5 11. Bxd5 Qxd5 12. Qxd5 exd5 13. Bf4 Kd7 14.
Nf3 Re8+ 15. Kd2 Re4 16. Ne5+ Ke6 17. Nd3 Bb4+ 18. Kd1 Na6 19. Rc1 Bd6 20. Bd2
Kd7 21. g3 Rd4 22. Ne1 Rb8 23. b3 Nc5 24. Kc2 Re4 25. Nf3 Re2 26. Nd4 Rxf2 27.
Rcf1 Rxf1 28. Rxf1 f4 29. Bxf4 Bxf4 30. Rxf4 Ne6 31. Nxe6 Kxe6 32. Ra4 Rb7 33.
Ra6+ Ke5 34. Rh6 Rb6 35. Rxh7 Rf6 36. Kd3 c5 37. Rh5+ Kd6 38. Ke3 a5 39. Rh8
Re6+ 40. Kd3 a4 41. bxa4 Re4 42. Rd8+ Kc6 43. Ra8 Kb7 44. Rd8 Kc6 45. Rc8+ Kb6
46. a5+ Kb5 47. Rb8+ Kxa5 48. Rb2 Ka4 49. h4 c4+ 50. Kd2 Rg4 51. Kc3 Rxg3+ 52.
Kd4 Rd3+ 53. Kc5 Ka3 54. Rc2 c3 55. h5 d4 56. h6 Rd2 57. h7 Rxc2 58. h8=Q Rd2
59. Qh6 Kxa2 60. Kc4 Kb2 61. Qf4 Kc2 62. Qf5+ Kc1 63. Kb3 Rb2+ 64. Kc4 Rd2 65.
Kb3 Rb2+ 66. Kc4 Rd2 1/2-1/2

[Event "16. Obert Internacional Sant Martí 2014"]
[Site "Barcelona ESP"]
[Date "2014.07.18"]
[Round "6.27"]
[White "Hapala, Elisabeth"]
[Black "Matsenko, Andrei"]
[Result "0-1"]
[WhiteElo "2068"]
[BlackElo "2294"]
[PlyCount "144"]
[EventDate "2014.07.13"]
[EventType "swiss"]
[EventRounds "9"]
[EventCountry "ESP"]
[Source "lmi"]
[SourceDate "2014.07.13"]

1. e4 c6 2. d4 d5 3. Nc3 dxe4 4. Nxe4 Bf5 5. Ng3 Bg6 6. Nf3 Nd7 7. h4 h6 8. h5
Bh7 9. Bd3 Bxd3 10. Qxd3 e6 11. Bd2 Ngf6 12. O-O-O Be7 13. Kb1 Qb6 14. Rhe1 O-O
15. Nf5 Bb4 16. Nxh6+ gxh6 17. Bxh6 Bxe1 18. Rxe1 Qb5 19. Qd2 Qxh5 20. Ne5 Rfd8
21. g4 Nxg4 22. Nxg4 Qxg4 23. Qc1 Qf5 24. Rg1+ Kh7 25. Rg7+ Kh8 26. Qh1 Nf8 27.
Rg5 Ng6 28. Rxf5 exf5 29. Bg5+ Kg8 30. Bxd8 Rxd8 31. c3 Kg7 32. Qe1 Rh8 33. a4
f4 34. Kc2 Rh2 35. Qg1 Rh5 36. Qg2 Rd5 37. b4 a5 38. b5 f5 39. bxc6 bxc6 40. c4
Rd6 41. Kc3 Kf6 42. Qh1 Re6 43. d5 cxd5 44. Qxd5 Re5 45. Qd6+ Kg5 46. c5 Re2
47. c6 Ne7 48. c7 Kg4 49. Qd1 f3 50. Qg1+ Kf4 51. Qg3+ Ke4 52. Qd6 Nd5+ 53. Kb3
Nxc7 54. Qxc7 Rxf2 55. Qxa5 Re2 56. Qb4+ Ke3 57. Qc3+ Ke4 58. Qc4+ Ke3 59. Kc3
Kf2 60. Qd4+ Kg2 61. Qg7+ Kf1 62. Qg3 f2 63. Kd3 Ra2 64. Qf4 Ke1 65. Qe5+ Kf1
66. Qf4 Ra3+ 67. Kd2 Kg2 68. Qg5+ Rg3 69. Qxf5 f1=Q 70. Qe4+ Qf3 71. Qxf3+ Rxf3
72. Kc2 Ra3 0-1